000 01449nam0a22002411 4500
001 v19\rc\1228569
005 20250617225331.0
035 _a(NLR Aleph) 004389488
090 _a3733429
_c3733429
100 _a20060306d1880 |||y0rusy50 ca
101 0 _arus
102 _aRU
105 _ay z |||||
200 1 _aСборник циркуляров г. министра юстиции, распоряжений гг. председателей и постановлений общих собраний С.-Петербургского окружного суда (1866-1879 г.) для чинов С.-Петербургского окружного суда
_fСост. судебный пристав С.-Петерб. окр. суда А.Г. Коган
210 _aСанкт-Петербург
_cтип. Г. Дюнтца
_d1880
215 _a[2], II, VIII, 191 с.
_d21
532 1 2 _aСборник циркуляров господина министра юстиции, распоряжений гг. председателей и постановлений общих собраний С.-Петербургского окружного суда (1866-1879 г.) для чинов С.-Петербургского окружного суда
700 1 _aКоган
_bА.Г.
_gАвель Григорьевич
_4220
801 0 _aRU
_bNLR
_gpsbo
801 1 _aRU
_bProSoft-M
_2rusmarc
852 _aNLR
_j18.134.4.56
942 _cBOOK
980 _aNB